000 00349nam a22001457a 4500
008 221118b ||||| |||| 00| 0 eng d
020 _a9780716722434
041 _aeng
080 _a159.9
082 _a159.9CAS
100 _a25
101 _aPSI
245 _aUNCERTAINTY THE LIFE AND SCIENCE OF WERNER HEISENBERG
_cCASSIDY D
942 _2udc
_cBK
999 _c58956
_d58956